Language Quiz

Random Language or Europe Quiz
Score 0/47 Timer 06:00
0 Plays Today
% Correct
Russie
90.7%
Italie
90.3%
France
90.1%
Espagne
89.6%
Portugal
89.5%
Irlande
89.4%
Grèce
88.5%
Turquie
86.6%
Norvège
86.4%
Ukraine
85.1%
Finlande
85%
Danemark
84.6%
Suède
84.4%
Pologne
84.4%
Belgique
84.3%
Suisse
83.5%
Allemagne
82.2%
Islande
82%
Luxembourg
81.8%
Chypre
80.1%
Biélorussie
79.8%
Roumanie
79.2%
Vatican
78.6%
Andorre
78.4%
% Correct
Estonie
78.3%
Autriche
78.1%
Royaume-Uni
77.1%
Croatie
74.8%
Malte
74.7%
Lituanie
74.7%
Pays-Bas
74.2%
Hongrie
73.4%
Tchéquie
73.2%
Slovaquie
73%
Liechtenstein
72.1%
Bulgarie
71.8%
Monaco
71.7%
Albanie
71.3%
Bosnie-Herzégovine
70.9%
Kosovo
70.5%
Saint-Marin
69.9%
Slovénie
69.9%
Moldavie
69.1%
Monténégro
68.7%
Macédoine du Nord
68.6%
Lettonie
68.2%
Serbie
67.4%
Remove Ads.
Support Sporcle.
Get the best of Sporcle when you Go Orange. This ad-free experience offers more features, more stats, and more fun while also helping to support Sporcle. Thank you for becoming a member.

You're not logged in!

Compare scores with friends on all Sporcle quizzes.
OR
Log In

Sporcle TV

Today on Sporcle TV


Watch our educational content, quiz creation guides, and fun videos on Sporcle TV.

Show Comments

Extras

Top Quizzes Today


Score Distribution

Paid Content

Your Account Isn't Verified!

In order to create a playlist on Sporcle, you need to verify the email address you used during registration. Go to your Sporcle Settings to finish the process.

Report this User

Report this user for behavior that violates our Community Guidelines.

Details: